000 01011nam a2200181Ia 4500
008 090630s9999 xx 000 0 und d
082 _b25827
100 _aमेसन पेरी / गार्डनर स्टेनले अर्ल अनु. हुद्दार मधुकर.
245 _aद मास्टर प्लॅन.
_cमेसन पेरी / गार्डनर स्टेनले अर्ल अनु. हुद्दार मधुकर.
260 _bसुपर्ण.
_c2006
300 _a188
600 _aमेसन पेरी / गार्डनर स्टेनले अर्ल अनु. हुद्दार मधुकर.
630 _aद मास्टर प्लॅन.
655 _aकादंबरी.
700 _aमेसन पेरी / गार्डनर स्टेनले अर्ल अनु. हुद्दार मधुकर.
730 _aद मास्टर प्लॅन.
942 _cBOOK
999 _c277683
_d277683